[Event "Terre degli Elimi op 5th"]
[Site "Erice"]
[Date "2014.07.23"]
[Round "7"]
[White "Friesen, Boris"]
[Black "Guccione, Cristoforo"]
[Result "1-0"]
[WhiteElo "2076"]
[BlackElo "1835"]
[PlyCount "49"]
[EventDate "2014.07.19"]
[EventType "swiss"]
[EventRounds "9"]
[EventCountry "ITA"]
[SourceTitle "CBM 161 Extra"]
[Source "ChessBase"]
[SourceDate "2014.08.29"]
[SourceVersion "1"]
[SourceVersionDate "2014.08.29"]
[SourceQuality "1"]

1. e4 d5 2. exd5 Nf6 3. c4 e6 4. Nc3 exd5 5. d4 c6 6. Bd3 Bd6 7. Nge2 0-0 8. cxd5 Re8 9. Bg5 cxd5 10. Qd2 Nc6 11. 0-0 Be6 12. Rac1 Rc8 13. Bb1 h6 14. Bf4 Ne4 15. Bxe4 dxe4 16. Bxd6 Qxd6 17. Nxe4 Qd5 18. N4c3 Qh5 19. Ng3 Qh4 20. d5 Rcd8 21. Rfd1 Ne5 22. Qd4 Qxd4 23. Rxd4 Rd7 24. Rcd1 Red8 25. dxe6 1-0

[Event "Terre degli Elimi op 5th"]
[Site "Erice"]
[Date "2014.07.22"]
[Round "5"]
[White "Friesen, Boris"]
[Black "Marzaduri, Riccardo"]
[Result "0-1"]
[WhiteElo "2076"]
[BlackElo "1944"]
[PlyCount "94"]
[EventDate "2014.07.19"]
[EventType "swiss"]
[EventRounds "9"]
[EventCountry "ITA"]
[SourceTitle "CBM 161 Extra"]
[Source "ChessBase"]
[SourceDate "2014.08.29"]
[SourceVersion "1"]
[SourceVersionDate "2014.08.29"]
[SourceQuality "1"]

1. e4 e6 2. d4 d5 3. Nc3 Nc6 4. exd5 exd5 5. Bb5 a6 6. Bxc6+ bxc6 7. Be3 Rb8 8. Rb1 Nf6 9. Nge2 Be7 10. 0-0 0-0 11. Ng3 h6 12. Qd3 Qd7 13. Rfe1 Bd6 14. Nce2 Re8 15. b3 Qg4 16. f3 Qh4 17. Nf1 a5 18. Bf2 Qg5 19. Neg3 Be6 20. Be3 Qh4 21. Bd2 c5 22. dxc5 Bxc5+ 23. Be3 Bf8 24. Bf2 Qb4 25. a4 Qb7 26. Bd4 Nd7 27. Nh5 c5 28. Ba1 Qa7 29. Kh1 Qc7 30. f4 d4 31. Nd2 g6 32. Qg3 Kh7 33. f5 Bd6 34. Qf2 Bxf5 35. Ne4 Be5 36. Nhg3 Be6 37. Bb2 Bg7 38. Ba3 Bd5 39. Rbd1 Qc6 40. Qf4 f5 41. Nxf5 Rxe4 42. Rxe4 Bxe4 43. Ne7 Bxg2+ 44. Kg1 Qf3 45. Qd2 Bh3 46. Bc1 Qg4+ 47. Kh1 Qe4+ 0-1

[Event "Terre degli Elimi op 5th"]
[Site "Erice"]
[Date "2014.07.21"]
[Round "3"]
[White "Friesen, Boris"]
[Black "Adrian, Claude"]
[Result "0-1"]
[WhiteElo "2076"]
[BlackElo "2236"]
[PlyCount "104"]
[EventDate "2014.07.19"]
[EventType "swiss"]
[EventRounds "9"]
[EventCountry "ITA"]
[SourceTitle "CBM 161 Extra"]
[Source "ChessBase"]
[SourceDate "2014.08.29"]
[SourceVersion "1"]
[SourceVersionDate "2014.08.29"]
[SourceQuality "1"]

1. e4 c5 2. Nf3 Nc6 3. c3 Nf6 4. e5 Nd5 5. Bc4 Nb6 6. Bb3 g6 7. 0-0 Bg7 8. d4 cxd4 9. cxd4 0-0 10. Nc3 d6 11. Be3 Na5 12. Qe2 Bg4 13. exd6 Qxd6 14. Rae1 Nxb3 15. axb3 Rac8 16. h3 Be6 17. Ne4 Qb4 18. Bd2 Qxb3 19. Nc5 Qd5 20. Ra1 a6 21. Rfe1 Bf6 22. Nxe6 fxe6 23. Bc3 Rc6 24. Ra5 Qc4 25. Raa1 Qxe2 26. Rxe2 Nd5 27. Ba5 Rfc8 28. Rae1 Kf7 29. Kf1 b6 30. Bd2 a5 31. Be3 b5 32. Nd2 Nxe3+ 33. fxe3 Bh4 34. Nf3 Bg3 35. Rd1 Rc1 36. Red2 Rxd1+ 37. Rxd1 Rc2 38. Rd2 Rxd2 39. Nxd2 Bd6 40. Ke2 Ke8 41. Kd3 Kd7 42. e4 Kc6 43. Nf3 Bf4 44. Kc3 e5 45. dxe5 Kc5 46. e6 Bg3 47. Kd3 a4 48. Nd2 Be5 49. Nf3 Bxb2 50. Ng5 b4 51. Kc2 Bd4 52. Nxh7 b3+ 0-1

[Event "Maastricht Limburg op-A 4th"]
[Site "Maastricht"]
[Date "2010.05.23"]
[Round "5"]
[White "Friesen, Boris"]
[Black "Van Vliet, Dennis"]
[Result "1/2-1/2"]
[WhiteElo "2080"]
[BlackElo "2104"]
[PlyCount "25"]
[EventDate "2010.05.21"]
[EventType "swiss"]
[EventRounds "7"]
[EventCountry "NED"]
[SourceTitle "CBM 136 Extra"]
[Source "ChessBase"]
[SourceDate "2010.07.02"]
[SourceVersion "2"]
[SourceVersionDate "2010.07.15"]
[SourceQuality "1"]

1. e4 e6 2. d4 d5 3. Nc3 Nf6 4. exd5 exd5 5. Bd3 Bg4 6. Nge2 Nc6 7. Be3 Bh5 8. Qd2 Bg6 9. 0-0-0 Qd7 10. Ng3 0-0-0 11. Bxg6 hxg6 12. h3 a6 13. Bg5 1/2-1/2

[Event "Maastricht Limburg op 3rd"]
[Site "Maastricht"]
[Date "2009.05.30"]
[Round "3"]
[White "Friesen, Boris"]
[Black "Van Mechelen, Jan"]
[Result "1/2-1/2"]
[WhiteElo "2114"]
[BlackElo "2282"]
[PlyCount "45"]
[EventDate "2009.05.29"]
[EventType "swiss"]
[EventRounds "7"]
[EventCountry "NED"]
[SourceTitle "CBM 130 Extra"]
[Source "ChessBase"]
[SourceDate "2009.07.02"]
[SourceVersion "2"]
[SourceVersionDate "2009.07.15"]
[SourceQuality "1"]

1. e4 e6 2. d4 d5 3. Nc3 Nf6 4. Bg5 Bb4 5. Nge2 dxe4 6. a3 Be7 7. Bxf6 gxf6 8. Nxe4 f5 9. N4c3 Bf6 10. Qd2 c6 11. 0-0-0 b6 12. Kb1 Bb7 13. Ng3 Nd7 14. Bc4 0-0 15. Nce2 Bg5 16. f4 Bh6 17. Nh5 Qh4 18. Neg3 Rad8 19. Qe2 Rfe8 20. Rhe1 Nf8 21. Qe5 Nd7 22. Qe2 Nf8 23. Qe5 1/2-1/2

[Event "Leiden Noteboom Memorial 68th"]
[Site "Leiden"]
[Date "2008.02.02"]
[Round "2"]
[White "Van der Wiel, John"]
[Black "Friesen, Boris"]
[Result "1-0"]
[WhiteElo "2490"]
[BlackElo "2135"]
[PlyCount "91"]
[EventDate "2008.02.01"]
[EventType "swiss"]
[EventRounds "6"]
[EventCountry "NED"]
[SourceTitle "CBM 122 Extra"]
[Source "ChessBase"]
[SourceDate "2008.03.04"]
[SourceVersion "1"]
[SourceVersionDate "2008.03.04"]
[SourceQuality "1"]

1. e4 e6 2. d4 d5 3. Nd2 Nf6 4. e5 Nfd7 5. f4 c5 6. c3 Nc6 7. Ndf3 Qb6 8. a3 Be7 9. b4 cxd4 10. cxd4 f6 11. Bd3 0-0 12. Bb2 Rf7 13. h4 fxe5 14. fxe5 Nf8 15. Qd2 Kh8 16. Ng5 Bxg5 17. hxg5 g6 18. Nf3 Bd7 19. Rh4 Ne7 20. Rf4 Rxf4 21. Qxf4 Nf5 22. Rc1 Qd8 23. Kd2 a5 24. Bc3 b6 25. g4 Ng7 26. bxa5 bxa5 27. Qf6 Qe8 28. Rb1 Bc6 29. Nh4 Kg8 30. Qf4 Qe7 31. Qf6 Qe8 32. Ke3 Nd7 33. Qf2 Qe7 34. Nf3 Qd8 35. Qd2 Nb8 36. Bxa5 Qxa5 37. Rxb8+ Kf7 38. Qxa5 Rxa5 39. Rb3 Ra7 40. Ng1 Ba4 41. Rb1 Ke7 42. Ne2 Rc7 43. Rh1 Kd8 44. Nf4 Be8 45. Kd2 Rf7 46. Ne2 1-0

[Event "Hoogeveen Essent op"]
[Site "Hoogeveen"]
[Date "2007.10.17"]
[Round "6"]
[White "Hoffman, Ron"]
[Black "Friesen, Boris"]
[Result "1/2-1/2"]
[WhiteElo "2158"]
[BlackElo "2152"]
[PlyCount "47"]
[EventDate "2007.10.12"]
[EventType "swiss"]
[EventRounds "9"]
[EventCountry "NED"]
[SourceTitle "CBM 120 Extra"]
[Source "ChessBase"]
[SourceDate "2007.11.01"]
[SourceVersion "1"]
[SourceVersionDate "2007.11.01"]
[SourceQuality "1"]

1. Nf3 Nf6 2. d4 g6 3. Nc3 d5 4. Bf4 c6 5. e3 Bg7 6. Be2 0-0 7. Ne5 Nbd7 8. h4 Nxe5 9. Bxe5 Nd7 10. Bxg7 Kxg7 11. h5 e5 12. hxg6 hxg6 13. dxe5 Nxe5 14. Qd4 Qf6 15. 0-0-0 Be6 16. g4 Nd7 17. Rh2 Qxd4 18. exd4 Rh8 19. Rdh1 Rxh2 20. Rxh2 Nf6 21. f3 Re8 22. Kd2 Nd7 23. Nd1 g5 24. Bd3 1/2-1/2

[Event "Vlissingen HZ op 11th"]
[Site "Vlissingen"]
[Date "2007.08.08"]
[Round "6"]
[White "Bollaart, Jeroen"]
[Black "Friesen, Boris"]
[Result "1/2-1/2"]
[WhiteElo "1959"]
[BlackElo "2139"]
[PlyCount "52"]
[EventDate "2007.08.04"]
[EventType "swiss"]
[EventRounds "9"]
[EventCountry "NED"]
[SourceTitle "CBM 119 Extra"]
[Source "ChessBase"]
[SourceDate "2007.09.04"]
[SourceVersion "1"]
[SourceVersionDate "2007.09.04"]
[SourceQuality "1"]

1. e4 e6 2. d4 d5 3. Nc3 Nf6 4. e5 Nfd7 5. f4 c5 6. Nf3 Nc6 7. Be3 Qb6 8. Bb5 c4 9. f5 Bb4 10. Bxc6 Qxc6 11. fxe6 fxe6 12. 0-0 0-0 13. Ng5 h6 14. Nh3 Rxf1+ 15. Qxf1 Nf8 16. Qf2 Bd7 17. Rf1 Be8 18. a3 Be7 19. g4 Qd7 20. Ne2 Ng6 21. g5 h5 22. c3 Nf8 23. Nef4 g6 24. Qc2 Kg7 25. Ng2 Qd8 26. Nh4 Rc8 1/2-1/2

[Event "Dieren op"]
[Site "Dieren"]
[Date "2007.08.02"]
[Round "9"]
[White "Schoorl, Rob"]
[Black "Friesen, Boris"]
[Result "1-0"]
[WhiteElo "2277"]
[BlackElo "2139"]
[PlyCount "67"]
[EventDate "2007.07.24"]
[EventType "swiss"]
[EventRounds "9"]
[EventCountry "NED"]
[SourceTitle "CBM 119 Extra"]
[Source "ChessBase"]
[SourceDate "2007.09.04"]
[SourceVersion "1"]
[SourceVersionDate "2007.09.04"]
[SourceQuality "1"]

1. e4 e6 2. d4 d5 3. e5 c5 4. c3 Nc6 5. Nf3 Bd7 6. Be2 f6 7. 0-0 fxe5 8. Nxe5 Nxe5 9. dxe5 Qc7 10. c4 Qxe5 11. Bf3 0-0-0 12. Re1 Qc7 13. cxd5 exd5 14. Qxd5 Nf6 15. Qb3 Bd6 16. Na3 Kb8 17. Nc4 Rhe8 18. Be3 Be6 19. Rec1 Bxh2+ 20. Kh1 Bd5 21. Qa3 b6 22. b4 Bxf3 23. bxc5 b5 24. Nd6 Bxd6 25. cxd6 Qd7 26. gxf3 Nd5 27. Rc7 Nxc7 28. Qxa7+ Kc8 29. dxc7 Qh3+ 30. Kg1 Rd6 31. Qb8+ Kd7 32. Qxb5+ Ke7 33. Bc5 Qd7 34. Bxd6+ 1-0

[Event "Dieren op"]
[Site "Dieren"]
[Date "2007.07.25"]
[Round "2"]
[White "Grooten, Herman"]
[Black "Friesen, Boris"]
[Result "1-0"]
[WhiteElo "2370"]
[BlackElo "2139"]
[PlyCount "95"]
[EventDate "2007.07.24"]
[EventType "swiss"]
[EventRounds "9"]
[EventCountry "NED"]
[SourceTitle "CBM 119 Extra"]
[Source "ChessBase"]
[SourceDate "2007.09.04"]
[SourceVersion "1"]
[SourceVersionDate "2007.09.04"]
[SourceQuality "1"]

1. Nf3 d5 2. d4 e6 3. c4 c5 4. cxd5 exd5 5. g3 Nc6 6. Bg2 Nf6 7. 0-0 Be7 8. dxc5 Bxc5 9. Bg5 0-0 10. Nc3 d4 11. Bxf6 Qxf6 12. Nd5 Qd6 13. Nd2 Be6 14. Nf4 Bb6 15. Rc1 Rfe8 16. Qa4 Rac8 17. Nc4 Bxc4 18. Qxc4 Qe7 19. h4 Bc7 20. Nd5 Qd7 21. b4 Ne5 22. Qxd4 Bb6 23. Qf4 Rxc1 24. Rxc1 Ng6 25. Qd2 Qd6 26. Rd1 Rd8 27. Qc3 Qe6 28. Rd2 Rc8 29. Qb2 Bd8 30. Rd3 Kf8 31. h5 Ne5 32. Re3 Nc4 33. Rxe6 Nxb2 34. Rd6 Rc1+ 35. Kh2 Ke8 36. Ne3 Nc4 37. Nxc4 Rxc4 38. Bxb7 Bb6 39. Bc6+ Ke7 40. Rd7+ Ke6 41. b5 Bxf2 42. Rd3 Rc2 43. e4 Bc5+ 44. Kh3 Bd6 45. Bd5+ Ke7 46. Bxf7 Kxf7 47. Rxd6 Rxa2 48. Ra6 1-0

[Event "Hoogeveen Essent op"]
[Site "Hoogeveen"]
[Date "2006.10.24"]
[Round "5"]
[White "Drost, Peter"]
[Black "Friesen, Boris"]
[Result "1-0"]
[WhiteElo "2137"]
[BlackElo "2154"]
[PlyCount "99"]
[EventDate "2006.10.21"]
[EventType "swiss"]
[EventRounds "9"]
[EventCountry "NED"]
[SourceTitle "EXT 2007"]
[Source "ChessBase"]
[SourceDate "2006.11.23"]
[SourceVersion "1"]
[SourceVersionDate "2006.11.23"]
[SourceQuality "1"]

1. e4 e6 2. d4 d5 3. Nc3 Nf6 4. Bg5 dxe4 5. Nxe4 Be7 6. Bxf6 Bxf6 7. Nf3 Nd7 8. Qd2 0-0 9. 0-0-0 b6 10. Bd3 Bb7 11. h4 Bxe4 12. Bxe4 Rc8 13. Qe2 g6 14. h5 Kg7 15. Qe3 Rh8 16. Qf4 g5 17. h6+ Kf8 18. Qg3 c6 19. Rh5 Qc7 20. Qxc7 Rxc7 21. Nxg5 Bxg5+ 22. Rxg5 Nf6 23. Bf3 Rg8 24. Rxg8+ Nxg8 25. Rh1 Ke7 26. g4 Kd6 27. Be4 Nf6 28. Bf3 Ng8 29. g5 Ne7 30. Be4 Ng6 31. f4 Re7 32. Kd2 Nf8 33. Ke3 Ng6 34. c4 Rc7 35. b4 Ke7 36. c5 b5 37. a4 bxa4 38. Ra1 Kd7 39. Rxa4 Nf8 40. Ra6 Ng6 41. f5 exf5 42. Bxf5+ Ke7 43. Bxg6 fxg6 44. Ke4 Kd8 45. d5 cxd5+ 46. Kxd5 Rb7 47. Kc4 Rf7 48. Rf6 Re7 49. Rf8+ Kc7 50. Rg8 1-0

[Event "Tilburg Stukkenjagers op-A"]
[Site "Tilburg"]
[Date "2006.08.19"]
[Round "3"]
[White "Broekmeulen, Jasper"]
[Black "Friesen, Boris"]
[Result "1-0"]
[WhiteElo "2284"]
[BlackElo "2146"]
[PlyCount "73"]
[EventDate "2006.08.18"]
[EventType "swiss"]
[EventRounds "6"]
[EventCountry "NED"]
[SourceTitle "CBM 113 Extra"]
[Source "ChessBase"]
[SourceDate "2006.09.14"]
[SourceVersion "1"]
[SourceVersionDate "2006.09.14"]
[SourceQuality "1"]

1. e4 e6 2. d3 d5 3. Nd2 Nf6 4. Ngf3 c5 5. g3 Nc6 6. Bg2 Be7 7. 0-0 Qc7 8. Re1 b6 9. Nf1 d4 10. e5 Nd7 11. Bf4 Bb7 12. N1d2 Nb4 13. Ne4 Nd5 14. Bg5 0-0 15. Qd2 Kh8 16. Bxe7 Nxe7 17. Qg5 Ng8 18. Qh5 g6 19. Qh4 Kg7 20. g4 h6 21. Qg3 Rad8 22. h4 Bxe4 23. Rxe4 Ne7 24. Re2 b5 25. h5 g5 26. Nd2 Nb6 27. f4 gxf4 28. Qxf4 Ned5 29. Qg3 Rg8 30. Ne4 Kf8 31. Rf1 Nd7 32. Nd6 Nxe5 33. Nxb5 Qb8 34. Qxe5 Qxb5 35. Rxf7+ Kxf7 36. Qxe6+ Kg7 37. Qg6+ 1-0

[Event "Politiken Cup 28th"]
[Site "Copenhagen"]
[Date "2006.07.30"]
[Round "9"]
[White "Vaganian, Rafael A"]
[Black "Friesen, Boris"]
[Result "1-0"]
[WhiteElo "2598"]
[BlackElo "2146"]
[PlyCount "45"]
[EventDate "2006.07.22"]
[EventType "swiss"]
[EventRounds "9"]
[EventCountry "DEN"]
[SourceTitle "CBM 113 Extra"]
[Source "ChessBase"]
[SourceDate "2006.09.14"]
[SourceVersion "1"]
[SourceVersionDate "2006.09.14"]
[SourceQuality "1"]

1. d4 d5 2. Nf3 e6 3. c4 c5 4. cxd5 exd5 5. g3 Nc6 6. Bg2 Nf6 7. 0-0 Be7 8. Nc3 0-0 9. Bg5 cxd4 10. Nxd4 h6 11. Bf4 Bg4 12. h3 Bh5 13. Qa4 Qb6 14. Nf5 Bb4 15. Nxd5 Nxd5 16. Bxd5 Bxe2 17. a3 Qc5 18. Bxc6 bxc6 19. g4 Ba5 20. Bd6 Qb5 21. Qd4 f6 22. Bxf8 Rxf8 23. Qd7 1-0

[Event "Politiken Cup 28th"]
[Site "Copenhagen"]
[Date "2006.07.28"]
[Round "7"]
[White "Roelvaag, Mikael"]
[Black "Friesen, Boris"]
[Result "0-1"]
[WhiteElo "2282"]
[BlackElo "2146"]
[PlyCount "92"]
[EventDate "2006.07.22"]
[EventType "swiss"]
[EventRounds "9"]
[EventCountry "DEN"]
[SourceTitle "CBM 113 Extra"]
[Source "ChessBase"]
[SourceDate "2006.09.14"]
[SourceVersion "1"]
[SourceVersionDate "2006.09.14"]
[SourceQuality "1"]

1. c4 Nf6 2. g3 g6 3. Bg2 c6 4. Nc3 Bg7 5. e4 d6 6. Nge2 e5 7. 0-0 0-0 8. d4 Nbd7 9. b3 Re8 10. Bb2 exd4 11. Nxd4 Nc5 12. Qc2 Ne6 13. Nxe6 Bxe6 14. Rad1 Qc7 15. Ne2 Bg4 16. f3 Be6 17. Rd2 Red8 18. Rfd1 a5 19. Bd4 Ne8 20. Be3 Bd7 21. Nc3 Be5 22. Na4 c5 23. Nc3 Bc6 24. Bf2 a4 25. f4 axb3 26. axb3 Bg7 27. h3 Qa5 28. Nd5 Bxd5 29. Rxd5 Rab8 30. Bf1 Bf8 31. R5d2 Qc7 32. Qd3 Be7 33. Qf3 Ng7 34. f5 Bg5 35. Rd5 Qe7 36. f6 Bxf6 37. h4 Be5 38. Qd3 Ne6 39. Bh3 Nd4 40. Bxd4 Bxd4+ 41. Kg2 Re8 42. Kh1 Ra8 43. Bg2 Ra2 44. Rf1 Rea8 45. Qf3 Rb2 46. h5 Raa2 0-1

[Event "Politiken Cup 28th"]
[Site "Copenhagen"]
[Date "2006.07.24"]
[Round "3"]
[White "Sjol, Henrik"]
[Black "Friesen, Boris"]
[Result "0-1"]
[WhiteElo "1980"]
[BlackElo "2146"]
[PlyCount "82"]
[EventDate "2006.07.22"]
[EventType "swiss"]
[EventRounds "9"]
[EventCountry "DEN"]
[SourceTitle "CBM 113 Extra"]
[Source "ChessBase"]
[SourceDate "2006.09.14"]
[SourceVersion "1"]
[SourceVersionDate "2006.09.14"]
[SourceQuality "1"]

1. d4 d5 2. Nf3 e6 3. c4 c5 4. Nc3 Nc6 5. cxd5 exd5 6. g3 Nf6 7. Bg2 Be7 8. 0-0 0-0 9. Re1 Re8 10. Bg5 cxd4 11. Nxd4 h6 12. Nxc6 bxc6 13. Bf4 Bf5 14. e4 Nxe4 15. Nxe4 dxe4 16. Bxe4 Bb4 17. Qxd8 Raxd8 18. Bxf5 Rxe1+ 19. Rxe1 Bxe1 20. Be3 Bd2 21. Bxa7 Ra8 22. Bd4 Rxa2 23. Bd7 Ra1+ 24. Kg2 Rc1 25. Kf3 c5 26. Be5 Bg5 27. Ba4 Re1 28. Bc3 Re6 29. Bb5 Bf6 30. Bc4 Rd6 31. Bxf6 Rxf6+ 32. Ke3 Rd6 33. b3 Rd4 34. f4 Kf8 35. g4 Ke7 36. h3 f6 37. f5 Kd6 38. Kf3 Ke5 39. Ke3 Rd1 40. Kf2 Ke4 41. Be6 Rd3 0-1

[Event "Vlissingen HZ op 09th"]
[Site "Vlissingen"]
[Date "2005.08.08"]
[Round "3"]
[White "Livshits, Gaby"]
[Black "Friesen, Boris"]
[Result "1-0"]
[WhiteElo "2375"]
[BlackElo "2139"]
[PlyCount "87"]
[EventDate "2005.08.06"]
[EventType "swiss"]
[EventRounds "9"]
[EventCountry "NED"]
[SourceTitle "CBM 107 Extra"]
[Source "ChessBase"]
[SourceDate "2005.09.01"]
[SourceVersion "1"]
[SourceVersionDate "2005.09.01"]
[SourceQuality "1"]

1. e4 c5 2. Nf3 e6 3. Nc3 a6 4. g3 Nc6 5. Bg2 Qc7 6. 0-0 Nf6 7. d4 cxd4 8. Nxd4 Be7 9. Be3 0-0 10. h3 b5 11. e5 Ne8 12. Nxc6 dxc6 13. Qd3 Bb7 14. Rad1 f6 15. Qd7 Rf7 16. exf6 Bxf6 17. Qxe6 Bxc3 18. bxc3 Nf6 19. Bf4 Qc8 20. Rfe1 Nd5 21. Qxc8+ Rxc8 22. Be5 Re7 23. Bd6 Rd7 24. Bc5 Rcd8 25. Rd3 Nf6 26. Re5 Nd5 27. c4 Nc3 28. Rxd7 Rxd7 29. a3 Na4 30. Re8+ Kf7 31. Rf8+ Ke6 32. Be3 bxc4 33. Bf3 Ke7 34. Rb8 Kd6 35. h4 Kc7 36. Bf4+ Kb6 37. h5 Ka5 38. Kg2 Nb6 39. Be5 Re7 40. Rxb7 Rxb7 41. Bxc6 Nd7 42. Bc3+ Kb6 43. Bxb7 Kxb7 44. Bxg7 1-0

[Event "Vlissingen HZ op 09th"]
[Site "Vlissingen"]
[Date "2005.08.07"]
[Round "2"]
[White "Friesen, Boris"]
[Black "Wegerle, Joerg"]
[Result "1/2-1/2"]
[WhiteElo "2139"]
[BlackElo "2421"]
[PlyCount "82"]
[EventDate "2005.08.06"]
[EventType "swiss"]
[EventRounds "9"]
[EventCountry "NED"]
[SourceTitle "CBM 107 Extra"]
[Source "ChessBase"]
[SourceDate "2005.09.01"]
[SourceVersion "1"]
[SourceVersionDate "2005.09.01"]
[SourceQuality "1"]

1. e4 c5 2. c3 Nf6 3. e5 Nd5 4. Nf3 e6 5. Bc4 Nc6 6. 0-0 d6 7. d4 cxd4 8. cxd4 Be7 9. exd6 Qxd6 10. Nc3 0-0 11. Re1 b6 12. Ne4 Qd8 13. Ne5 Nxe5 14. dxe5 Bb7 15. Qg4 Kh8 16. Bg5 Bxg5 17. Nxg5 h6 18. Ne4 f5 19. exf6 Nxf6 20. Nxf6 Qxf6 21. Re2 e5 22. Bd3 Rad8 23. Be4 Rd4 24. f3 Rfd8 25. Rae1 Qd6 26. Qg6 Bxe4 27. Qxd6 R8xd6 28. fxe4 Rc6 29. Rf1 Kg8 30. Rf3 Rcc4 31. Ra3 a5 32. Rb3 Rb4 33. Rxb4 axb4 34. Kf2 Kf7 35. Kf3 Ke6 36. Kg4 g6 37. h4 Kf6 38. Rf2+ Ke6 39. Re2 Kf6 40. Rf2+ Ke6 41. Re2 Kf6 1/2-1/2

[Event "Dieren op"]
[Site "Dieren"]
[Date "2005.08.03"]
[Round "8"]
[White "Friesen, Boris"]
[Black "Wielenga, Wiebe"]
[Result "1/2-1/2"]
[WhiteElo "2139"]
[BlackElo "2168"]
[PlyCount "111"]
[EventDate "2005.07.26"]
[EventType "swiss"]
[EventRounds "9"]
[EventCountry "NED"]
[SourceTitle "CBM 107 Extra"]
[Source "ChessBase"]
[SourceDate "2005.09.01"]
[SourceVersion "1"]
[SourceVersionDate "2005.09.01"]
[SourceQuality "1"]

1. e4 e5 2. Nf3 Nc6 3. Bc4 Nf6 4. d4 exd4 5. e5 d5 6. Bb5 Ne4 7. Nxd4 Bc5 8. 0-0 0-0 9. Be3 Nxe5 10. Nd2 Nxd2 11. Qxd2 Bd6 12. Be2 Qh4 13. f4 Ng4 14. Bxg4 Bxg4 15. Nb5 Qe7 16. Rae1 Bf5 17. Qxd5 Be4 18. Qc4 Kh8 19. f5 Be5 20. Bf4 c6 21. Qxe4 Qc5+ 22. Qe3 Qxe3+ 23. Bxe3 cxb5 24. Bxa7 f6 25. Bc5 Rfc8 26. b4 Rxa2 27. Re2 Rd8 28. Rfe1 h6 29. Kf2 Ra3 30. Re3 Ra2 31. R1e2 Rd1 32. Rd3 Rc1 33. Rdd2 Raa1 34. Rd8+ Kh7 35. Kf3 Ra2 36. Rd7 Raxc2 37. Rxc2 Rxc2 38. Rxb7 Bxh2 39. Rxb5 Rc4 40. Be3 Rc3 41. Ke4 Rb3 42. Rb7 Bd6 43. b5 h5 44. b6 h4 45. Rd7 Be5 46. Rd3 Rb2 47. Rd2 Rb5 48. Rc2 g5 49. fxg6+ Kxg6 50. Bc5 Kg5 51. Kd5 Kg4 52. Rc4+ Kg3 53. Rb4 Rxb4 54. Bxb4 Kxg2 55. Bd6 Bxd6 56. Kxd6 1/2-1/2